📖150 premiers mots "La faute de l'abbé Mouret" Émile Zola - Statistiques

Statistiques générales
  • Ce quiz a Ă©tĂ© pris 23 fois
  • Le rĂ©sultat moyen est 60 sur 150
Statistiques - réponses
Mots % Correct
Ă 
100%
'Angélus',
100%
d'
100%
de
100%
l'
100%
La
95%
la
95%
lĂ ,
95%
le
90%
Le
90%
s'
90%
et
85%
se
85%
Teuse,
85%
Teuse
85%
par
80%
son
80%
un
80%
une
75%
que
70%
que ...
70%
en
65%
les
65%
dans
60%
du
60%
Elle
60%
elle
60%
pour
60%
église,
55%
sa
55%
était
50%
ses
50%
y
50%
avec
45%
avoir
40%
jour,
40%
sonner
40%
toute
30%
Après
20%
chaque
20%
entre
20%
mal
20%
puis
20%
contre
15%
mettre
15%
avaient
10%
bancs.
10%
corde,
10%
coup
10%
donner
10%
gros
10%
mains
10%
près
10%
table,
10%
autel.
5%
balai
5%
confessionnal,
5%
devant
5%
ensuite
5%
face
5%
jointes
5%
nue,
5%
revint
5%
tapis
5%
travers,
5%
traversa
5%
abandonna,
0%
attardé
0%
boitant
0%
bonnet
0%
bousculant
0%
coins
0%
constatant
0%
coups
0%
crevant
0%
davantage
0%
enleva
0%
entrant,
0%
essoufflée,
0%
estrade.
0%
fâcha
0%
fouillait
0%
graissé ;
0%
grondement
0%
hâte,
0%
irrité.
0%
jupes,
0%
large.
0%
légère
0%
lessive
0%
masse,
0%
nœud,
0%
obstinait
0%
pendit
0%
plafond,
0%
planches
0%
plumeau
0%
posa
0%
poussière
0%
ramené
0%
râpée,
0%
réguliers,
0%
roulant
0%
sang
0%
semestre.
0%
tape,
0%
terminée
0%
tombait
0%
train
0%
Aucun quiz correspondant
Distribution des résultats
% des personnes avec chaque résultat
Percentile par nombre de réponses
Votre historique - résultats
Vous n’avez pas pris ce quiz